| 000 | 00583 a2200169 4500 | ||
|---|---|---|---|
| 005 | 20250429171458.0 | ||
| 020 | _a0-07-235676-6 | ||
| 082 | _a658.18 BAL | ||
| 100 | _aBALL, D. A. | ||
| 245 | _aInternational Business : The Challenges of Global Competition | ||
| 250 | _a8th Ed | ||
| 260 |
_aNew York, _bMcGraw-Hill, _c2002. |
||
| 300 |
_aXxx, 767p.: ill.; figure, picture, table _bBibliographical reference & Index _c28cm. |
||
| 700 | _aMCCULLLOCH, W. H. & FRANTZ, P. L. & GERINGERS, J. M. & MINOR, M. S. | ||
| 856 |
_yAccess Online Book _fBusiness _dwww.mhhe.com |
||
| 942 |
_2ddc _cBKS |
||
| 999 |
_c1789 _d1789 |
||